00739nam a2200241 a 450000100060000000300080000600500170001400800410003102000150007202000150008703500190010204000320012104100080015308200240016110000230018524500500020826000530025830000350031149000520034650400330039865000140043183000520044566150BD-RjUL20211209081515.0170314r19811973enka b 001 0 eng d a0713124091 a0713124105 a(BD-RjUL)66280 aMNNcMNNdm/cdBD-RjULbeng aeng 223a579.4bSLB 19811 aSleigh, Michael A.14aThe biology of protozoa /cMichael A. Sleigh. aLondon :bEdward Arnold,cc1973 [Reprinted1981]. aviii, 315 p. :bill., c22 cm. aSeries of student texts in contemporary biology aIncludes index Bibliography. 0aProtozoa. 0aSeries of student texts in contemporary biology